LAW OF MEDICAL NEGLIGENCE AND COMPENSATION (Record no. 25766)

MARC details
000 -LEADER
fixed length control field 00406nam a22001457a 4500
003 - CONTROL NUMBER IDENTIFIER
control field SGT
020 ## - INTERNATIONAL STANDARD BOOK NUMBER
International Standard Book Number 9788171773633
082 ## - DEWEY DECIMAL CLASSIFICATION NUMBER
Classification number 344.41041
Item number BAG
100 ## - MAIN ENTRY--PERSONAL NAME
Personal name BAG R K
245 ## - TITLE STATEMENT
Title LAW OF MEDICAL NEGLIGENCE AND COMPENSATION
Remainder of title COVERING THE RIGHTS AND LIABILITIES UNDER THE LAW OF CONSUMER PROTECTION
250 ## - EDITION STATEMENT
Edition statement 3
260 ## - PUBLICATION, DISTRIBUTION, ETC. (IMPRINT)
Place of publication, distribution, etc LUCKNOW
Name of publisher, distributor, etc EASTERN LAW HOUSE
Year of Publication 1097
300 ## - PAGE DESCRIPTION
No. of Pages 703
942 ## - ADDED ENTRY ELEMENTS (KOHA)
Source of classification or shelving scheme Dewey Decimal Classification
Koha item type Books
942 ## - ADDED ENTRY ELEMENTS (KOHA)
-- 1
Holdings
Withdrawn status Lost status Source of classification or shelving scheme Damaged status Not for loan Collection code Home library Current library Shelving location Date acquired Vendor Name Cost, normal purchase price SGTU Bill Number Full call number Accession No. (Barcode) Date last seen Bill Date Koha item type Total Checkouts Date last borrowed
    Dewey Decimal Classification   Not For Loan LAW SGT Science & Social Sciences Library SGT Science & Social Sciences Library Reference Book 26/02/2024 COMMERCIAL BOOK HOUSE 1095.00 SGTU 2075 344.41041 BAG FL3386 26/02/2024 06/02/2024 Books    
    Dewey Decimal Classification     LAW SGT Science & Social Sciences Library SGT Science & Social Sciences Library Text Book 26/02/2024 COMMERCIAL BOOK HOUSE 1095.00 SGTU 2075 344.41041 BAG FL3387 26/02/2024 06/02/2024 Books    
    Dewey Decimal Classification     LAW SGT Science & Social Sciences Library SGT Science & Social Sciences Library Text Book 26/02/2024 COMMERCIAL BOOK HOUSE 1095.00 SGTU 2075 344.41041 BAG FL3388 29/03/2024 06/02/2024 Books 1 28/03/2024
    Dewey Decimal Classification     LAW SGT Science & Social Sciences Library SGT Science & Social Sciences Library Text Book 26/02/2024 COMMERCIAL BOOK HOUSE 1095.00 SGTU 2075 344.41041 BAG FL3389 26/02/2024 06/02/2024 Books    
    Dewey Decimal Classification     LAW SGT Science & Social Sciences Library SGT Science & Social Sciences Library Text Book 26/02/2024 COMMERCIAL BOOK HOUSE 1095.00 SGTU 2075 344.41041 BAG FL3390 26/02/2024 06/02/2024 Books